Les Pays des Balkans - Statistiques

Statistiques générales
  • Ce quiz a été pris 169 fois
  • Le résultat moyen est 11 sur 13
Statistiques - réponses
# Réponses % Correct
12 Serbie
96%
1 Albanie
94%
4 Croatie
94%
6 Kosovo
92%
2 Bosnie-Herzégovine
91%
7 Macédoine du Nord
91%
11 Slovénie
91%
5 Grèce
90%
3 Bulgarie
89%
9 Monténégro
89%
10 Roumanie
87%
8 Moldavie
69%
13 Turquie (Thrace orientale)
64%
Aucun quiz correspondant
Distribution des résultats
% des personnes avec chaque résultat
Percentile par nombre de réponses
Votre historique - résultats
Vous n’avez pas pris ce quiz